000 00410nam a2200169Ia 4500
008 090123s9999 xx 000 0 und d
082 _b1817
100 _aअरिफ
245 _aपांचवा फुल
250 _a0
300 _a122
600 _aअरिफ
630 _aपांचवा फुल
700 _aअरिफ
730 _aपांचवा फुल
942 _cBOOK
999 _c39899
_d39899